000 00446nam a22001937a 4500
003 MPLRDC
005 20220104114331.0
008 210129b ||||| |||| 00| 0 eng d
020 _a962-22-0106-7
082 _a857.623 ZY-2 v.8
100 _a张宇
245 _a丧形记
_c
250 _a再版
260 _a
_b明窗出版社
_c1990
300 _b
490 _a述异系列
650 _a灵异小说
942 _cBK
_o857.623 ZY-2 v.8
999 _c6680
_d6670